| 000 | 00493 a2200145 4500 | ||
|---|---|---|---|
| 020 | _a0471455911 | ||
| 040 |
_aDLC _bDLC |
||
| 100 | 1 | _aWhite, Joseph F., | |
| 245 | 1 | 0 |
_aHigh frequency techniques: an introduction to RF and microwave engineering _ban introduction to RF and microwave engineering _cJoseph F. White. |
| 260 |
_aNew Jersey : _bJohn Wiley, _cc2004. |
||
| 300 |
_a502 p. : _bill. ; _c25 cm. |
||
| 650 | 0 | _aMicrowave circuits. | |
| 650 | 0 | _aRadio circuits. | |
| 942 |
_cBK _k621.38412 WHI _2ddc |
||
| 999 |
_c4727 _d4727 |
||